International financial management / (Record no. 18608)
[ view plain ]
| 000 -LEADER | |
|---|---|
| fixed length control field | 01268nam a2200361 a 4500 |
| 001 - CONTROL NUMBER | |
| control field | 015948990 |
| 003 - CONTROL NUMBER IDENTIFIER | |
| control field | OSt |
| 005 - DATE AND TIME OF LATEST TRANSACTION | |
| control field | 20201128021126.0 |
| 008 - FIXED-LENGTH DATA ELEMENTS--GENERAL INFORMATION | |
| fixed length control field | 110930t2012 xxuadk frbd 001 0 eng d |
| 020 ## - INTERNATIONAL STANDARD BOOK NUMBER | |
| International Standard Book Number | 9780132842983 (pbk.) |
| 020 ## - INTERNATIONAL STANDARD BOOK NUMBER | |
| Cancelled/invalid ISBN | 013284298X |
| 040 ## - CATALOGING SOURCE | |
| Original cataloging agency | StDuBDS |
| Language of cataloging | eng |
| Transcribing agency | StDuBDS |
| Modifying agency | Uk |
| -- | EG-ScBUE |
| 082 00 - DEWEY DECIMAL CLASSIFICATION NUMBER | |
| Classification number | 658.1599 |
| Edition number | 22 |
| Item number | BEK |
| 100 1# - MAIN ENTRY--PERSONAL NAME | |
| Personal name | Bekaert, Geert |
| 9 (RLIN) | 36514 |
| 245 10 - TITLE STATEMENT | |
| Title | International financial management / |
| Statement of responsibility, etc | Geert Bekaert, Robert Hodrick. |
| 250 ## - EDITION STATEMENT | |
| Edition statement | 2nd ed., |
| Remainder of edition statement | international ed. |
| 260 ## - PUBLICATION, DISTRIBUTION, ETC. (IMPRINT) | |
| Place of publication, distribution, etc | Upper Saddle River, United States : |
| Name of publisher, distributor, etc | Pearson Education, |
| Date of publication, distribution, etc | c.2012. |
| 300 ## - PHYSICAL DESCRIPTION | |
| Extent | xxix, 785 p. : |
| Other physical details | charts, forms, tables ; |
| Dimensions | 26 cm. |
| 490 1# - Series Statement | |
| Series statement | The Prentice Hall series in finance |
| 500 ## - GENERAL NOTE | |
| General note | Previous ed. : 2009. |
| 500 ## - GENERAL NOTE | |
| General note | Index : p. 771-785. |
| 500 ## - GENERAL NOTE | |
| General note | Glossary : p. 753-769. |
| 504 ## - BIBLIOGRAPHY, ETC. NOTE | |
| Bibliography, etc | Includes bibliographical references. |
| 650 #0 - SUBJECT ADDED ENTRY--TOPICAL TERM | |
| Topical term or geographic name as entry element | International finance |
| 9 (RLIN) | 1619 |
| 650 #0 - SUBJECT ADDED ENTRY--TOPICAL TERM | |
| Topical term or geographic name as entry element | International business enterprises |
| General subdivision | Finance |
| 9 (RLIN) | 32766 |
| 650 #0 - SUBJECT ADDED ENTRY--TOPICAL TERM | |
| Topical term or geographic name as entry element | Foreign exchange |
| 9 (RLIN) | 30804 |
| 653 ## - INDEX TERM--UNCONTROLLED | |
| Resource For college | BAEPS, Business Administration |
| Arrived date list | November2014 |
| 655 ## - INDEX TERM--GENRE/FORM | |
| Form subdivision | |
| -- | 34232 |
| 690 7# - LOCAL SUBJECT ADDED ENTRY--TOPICAL TERM (OCLC, RLIN) | |
| Topical term or geographic name as entry element | Management and Business Studies |
| Source of heading or term | blcoll |
| 700 1# - ADDED ENTRY--PERSONAL NAME | |
| Personal name | Hodrick, Robert J. |
| 9 (RLIN) | 36515 |
| 830 #0 - SERIES ADDED ENTRY--UNIFORM TITLE | |
| Uniform title | Prentice Hall series in finance |
| 9 (RLIN) | 19996 |
| 942 ## - ADDED ENTRY ELEMENTS (KOHA) | |
| Source of classification or shelving scheme | Dewey Decimal Classification |
| Call number prefix | 658.1599 BEK |
| Withdrawn status | Item status | Source of classification or shelving scheme | Damaged status | Not for loan | Vendor | Home library | Current library | Shelving location | Date acquired | Source of acquisition | Cost, normal purchase price | Serial Enumeration / chronology | Total Checkouts | Total Renewals | Full call number | Barcode | Date last seen | Date last borrowed | Cost, replacement price | Koha item type |
|---|---|---|---|---|---|---|---|---|---|---|---|---|---|---|---|---|---|---|---|---|
| Dewey Decimal Classification | Baccah | Central Library | Central Library | First floor | 13/11/2014 | 246.00 | 20677 | 4 | 3 | 658.1599 BEK | 000036988 | 15/07/2025 | 23/12/2019 | 307.50 | Book - Borrowing |